Discographie d'Alpha Wann - Statistiques

Statistiques générales
  • Ce quiz a été pris 786 fois
  • Le résultat moyen est 25 sur 59
Statistiques - réponses
Album Titre % Correct
UMLA UNE MAIN LAVE L'AUTRE
82%
don dada mixtape vol.1 philly flingo
72%
UMLA CASCADE - Remix
71%
UMLA LE PIÉGE
71%
don dada mixtape vol.1 aaa
70%
UMLA STUPÉFIANT ET NOIR
67%
don dada mixtape vol.1 mitsubishi
66%
don dada mixtape vol.1 soldat tue soldat
64%
UMLA ÇA VA ENSEMBLE
62%
UMLA POUR CELLES
62%
don dada mixtape vol.1 carrelage italien
60%
UMLA PARACHUTE CHANEL
60%
UMLA STARSKY & HUTCH
59%
UMLA OLIVE & TOM
58%
don dada mixtape vol.1 apdl
56%
Alph Lauren 2 Barcelone
55%
UMLA MACRO
55%
don dada mixtape vol.1 ny à fond
55%
don dada mixtape vol.1 san andreas
53%
don dada mixtape vol.1 la lune attire la mer
52%
don dada mixtape vol.1 malevil
52%
UMLA LANGAGE CRYPTÉ
51%
UMLA FUGEES
49%
UMLA FLAMME OLYMPIQUE
47%
UMLA 1500
46%
UMLA CONTREX
46%
UMLA LE TOUR
46%
Alph Lauren 3 R5 et Murcielago
45%
UMLA LA LUMIÈRE DANS LE NOIR
44%
Alph Lauren 3 Louvre
42%
Alph Lauren 2 Vortex
42%
don dada mixtape vol.1 pistons vs pacers
41%
Alph Lauren 2 Alph Lauren
39%
Alph Lauren 3 Courchevel
38%
Alph Lauren 3 Shanghaï
38%
don dada mixtape vol.1 trapchat
38%
don dada mixtape vol.1 dirty dancing
37%
don dada mixtape vol.1 3095 pt2
35%
don dada mixtape vol.1 velux
34%
Alph Lauren L'histoire d'un type bien
33%
Alph Lauren 2 A deux pas
32%
Alph Lauren 3 Kim K
31%
Alph Lauren 3 Turban
31%
don dada mixtape vol.1 fahrenheit 451
30%
Alph Lauren 3 Saint-Domingue
29%
Alph Lauren 2 1, 2, 3
28%
Alph Lauren 2 Lunettes noires
26%
Alph Lauren 2 Sous marin
25%
Alph Lauren Quand on chausse les crampons
24%
Alph Lauren Flingtro
23%
Alph Lauren Hydroponie
23%
Alph Lauren 3 Paire de Prada
23%
Alph Lauren 2 Protocole
21%
Alph Lauren Bustour
19%
don dada mixtape vol.1 super swishstyle 2
19%
Alph Lauren Steven Seagal
18%
Alph Lauren Parle moi de benef'
15%
Alph Lauren Double P Majuscule
14%
Alph Lauren 2 Le jeune de l'année
5%
Aucun quiz correspondant
Distribution des résultats
% des personnes avec chaque résultat
Percentile par nombre de réponses
Votre historique - résultats
Vous n’avez pas pris ce quiz